Statistics for Isogram Breakdown Puzzle #3

Click here to take the quiz!

General Stats

  • This quiz has been taken 465 times
  • The average score is 16 of 24

Answer Stats

HintAnswer% Correct
Olympic prizeMedal
99%
GrownupAdult
96%
Citrus fruitLemon
93%
Up, on a mapNorth
92%
Cumin, eg.Spice
92%
LabyrinthsMazes
89%
Cat soundsMeows
85%
Baby sheepLambs
82%
YellShout
81%
Answer backReply
76%
Copies, reproducesDUPLICATES
75%
Oven alternativesMICROWAVES
69%
FastRapid
64%
Coverings for furnitureUPHOLSTERY
64%
ClergymanVicar
63%
One's native countryMOTHERLAND
61%
Madam, I'm AdamPALINDROME
58%
Stupid, denseThick
53%
Gag, coughChoke
51%
Earthquake follow-upAFTERSHOCK
41%
Farrier, eg.BLACKSMITH
39%
River boatsRafts
38%
Jetpunk's creatorQUIZMASTER
29%
Riding whipQuirt
25%

Score Distribution

Percentile by Number Answered

Percent of People with Each Score

Your Score History

You have not taken this quiz